Dvadsiaty tretí Medzinárodný chemický veľtrh INCHEBA 91

Bibliographic Details
Main Author: Klucho, Pavol (Author)
Format: Article
Language:Slovak
PhysicalDescription:Obr. 4.
Subjects:

MARC

LEADER 00000nab a2200000 a 4500
001 vtls000442661
003 SK-MaSNL
005 20260304030349.0
008 250310c1991 xo 0 slo
015 |a SNBRB19rr/mm-uuuuu 
035 |a CL0442791 
035 |a urn:nbn:sk:snk-abamjz 
035 |a (urnnbn)urn:nbn:sk:snk:ar-a09yxe 
035 |a (uuid)47cdd3b3-0f26-4d19-b962-b6a8d19d7123 
040 |a SNKBUCL  |b slo  |c SNKBUCL  |e AACR2 
041 0 |a slo 
044 |a xo  |c SK 
080 |a 66:339.174  |2 1981 
080 |a 339.174  |2 1981 
100 1 |a Klucho, Pavol  |4 aut  |9 442103 
245 1 0 |a Dvadsiaty tretí Medzinárodný chemický veľtrh INCHEBA 91  |c P. Klucho ; Pavol Klucho 
300 |b Obr. 4. 
650 0 7 |a INCHEBA 1991, Bratislava  |2 snkbucl  |9 1308571 
655 7 |a články z novín a časopisov  |2 snkbucl  |9 267496 
700 1 |a Klucho, Pavol  |4 aut  |9 442103 
773 0 |t Ropa a uhlie  |g Roč. 33, č. 8-9 (1991), s. 449-461 
850 |a Slovenská národná knižnica v Martine  |a MTA001 
852 |a SNK  |b KIS3GCP 
957 |a 5100 
958 |a OND 
958 |a RK 
958 |a EUIPO 
958 |a article14 
992 |a RBX 
999 |c 2633751  |d 2635681